[Event "Wch U14"]
[Site "Florianopolis"]
[Date "2024.11.05"]
[Round "7"]
[White "Spagnollo, Pedro Henrique"]
[Black "Jaramillo Carrillo, Johan Alejand"]
[Result "1/2-1/2"]
[WhiteElo "1750"]
[BlackElo "1652"]
[PlyCount "89"]
[EventDate "2024.10.29"]
[EventType "swiss"]
[EventRounds "11"]
[EventCountry "BRA"]
[SourceTitle "CB45_2024"]
[Source "ChessBase"]
[SourceDate "2024.11.06"]
[SourceVersion "1"]
[SourceVersionDate "2024.11.06"]
[SourceQuality "1"]

1. b3 d5 2. Bb2 Nf6 3. e3 c5 4. Nf3 Nc6 5. Bb5 Bg4 6. h3 Bxf3 7. Qxf3 a6 8. Bxc6+ bxc6 9. 0-0 e6 10. d3 Be7 11. Nd2 0-0 12. Rfd1 Qa5 13. a4 Nd7 14. Qe2 Bf6 15. Bxf6 Nxf6 16. f4 Rfd8 17. Nf3 Rab8 18. Ne5 Qc7 19. e4 Rb4 20. Ng4 Nxg4 21. hxg4 h6 22. e5 c4 23. dxc4 dxc4 24. c3 Rxd1+ 25. Rxd1 Rxb3 26. Qxc4 Qb6+ 27. Kh2 Rb2 28. Qd4 Qxd4 29. Rxd4 Ra2 30. Rc4 Kf8 31. Rxc6 Rxa4 32. Kg3 Ke8 33. Rc7 Ra3 34. Kf2 g6 35. g3 a5 36. Ra7 Ra2+ 37. Kf3 a4 38. c4 Ra1 39. c5 Rc1 40. Rxa4 Rxc5 41. Ra8+ Ke7 42. Rh8 Rc3+ 43. Kg2 Rc2+ 44. Kh3 Rc1 45. Kg2 1/2-1/2

[Event "Wch U14"]
[Site "Florianopolis"]
[Date "2024.11.02"]
[Round "5"]
[White "Sanchez Negreiros, Alejandro Gustavo"]
[Black "Jaramillo Carrillo, Johan Alejand"]
[Result "0-1"]
[WhiteElo "1516"]
[BlackElo "1652"]
[PlyCount "58"]
[EventDate "2024.10.29"]
[EventType "swiss"]
[EventRounds "11"]
[EventCountry "BRA"]
[SourceTitle "CB45_2024"]
[Source "ChessBase"]
[SourceDate "2024.11.06"]
[SourceVersion "1"]
[SourceVersionDate "2024.11.06"]
[SourceQuality "1"]

1. e4 c5 2. Nf3 Nc6 3. b3 d6 4. Bb2 Nf6 5. d3 g6 6. Nc3 Bg7 7. Nd5 0-0 8. Nxf6+ exf6 9. Qd2 b5 10. Be2 Re8 11. 0-0-0 a5 12. d4 Qb6 13. c4 bxc4 14. Bxc4 Ba6 15. Bxa6 Rxa6 16. d5 Ne5 17. Nxe5 fxe5 18. Qd3 a4 19. Kc2 Rc8 20. Bc3 axb3+ 21. axb3 Ra2+ 22. Bb2 c4 23. Qe3 cxb3+ 24. Kb1 Qxe3 25. fxe3 Rc2 26. Bc1 Rxg2 27. h3 b2 28. Bd2 Ra3 29. Bb4 Ra1# 0-1

[Event "Wch U14"]
[Site "Florianopolis"]
[Date "2024.11.01"]
[Round "4"]
[White "Jaramillo Carrillo, Johan Alejand"]
[Black "Durovka, Marek"]
[Result "0-1"]
[WhiteElo "1652"]
[BlackElo "1779"]
[PlyCount "84"]
[EventDate "2024.10.29"]
[EventType "swiss"]
[EventRounds "11"]
[EventCountry "BRA"]
[SourceTitle "CB45_2024"]
[Source "ChessBase"]
[SourceDate "2024.11.06"]
[SourceVersion "1"]
[SourceVersionDate "2024.11.06"]
[SourceQuality "1"]

1. e4 c5 2. Nc3 Nc6 3. Bb5 Nd4 4. f4 a6 5. Bd3 g6 6. Nf3 Bg7 7. 0-0 e6 8. Nxd4 cxd4 9. Ne2 d6 10. c3 Qb6 11. Kh1 dxc3 12. dxc3 Ne7 13. Ng3 d5 14. exd5 Nxd5 15. f5 0-0 16. Bc4 Ne3 17. Bxe3 Qxe3 18. f6 Bh6 19. Qd6 b5 20. Rf3 Qa7 21. Bd3 Bb7 22. Be4 Bxe4 23. Nxe4 Rfd8 24. Qg3 Rd5 25. Rd3 Rad8 26. Rad1 Qd7 27. Rxd5 exd5 28. Qd3 Qe6 29. Qd4 Re8 30. Ng3 Bg5 31. Rf1 h5 32. h4 Be3 33. Qd1 Qe5 34. Qf3 Bc5 35. Rd1 Bd6 36. Kh2 Qe4 37. Qxe4 Rxe4 38. Rd3 Rxh4+ 39. Kg1 Bxg3 40. Rxg3 Rf4 41. Rd3 Rf5 42. b3 g5 0-1

[Event "Wch U14"]
[Site "Florianopolis"]
[Date "2024.10.30"]
[Round "2"]
[White "Jaramillo Carrillo, Johan Alejand"]
[Black "Nguyen, Vuong Tung Lam"]
[Result "0-1"]
[WhiteElo "1652"]
[BlackElo "2055"]
[PlyCount "56"]
[EventDate "2024.10.29"]
[EventType "swiss"]
[EventRounds "11"]
[EventCountry "BRA"]
[SourceTitle "CB45_2024"]
[Source "ChessBase"]
[SourceDate "2024.11.06"]
[SourceVersion "1"]
[SourceVersionDate "2024.11.06"]
[SourceQuality "1"]

1. e4 c5 2. Nc3 d6 3. Bb5+ Bd7 4. Bxd7+ Qxd7 5. f4 Nc6 6. Nf3 g6 7. d3 Bg7 8. 0-0 e6 9. Qe1 Nge7 10. Qh4 a6 11. f5 gxf5 12. Qh5 h6 13. Be3 b6 14. Nh4 Nd4 15. Bxd4 cxd4 16. Ne2 Bf6 17. exf5 e5 18. c3 dxc3 19. Nxc3 d5 20. Rae1 b5 21. Nf3 Nc6 22. Nxe5 Bxe5 23. d4 Qa7 24. Kh1 Qxd4 25. Rd1 Qc4 26. Nxd5 Rd8 27. Qf3 Nd4 28. Nc7+ Qxc7 0-1